Countries - Christianity or Islam? Quiz Stats

Quiz Updated Dec 13, 2016

Challenge
Share
Tweet
Embed
Score 0/24 Timer 03:00
0 Plays Today
Question Answer Wrong Answers
Canada Christianity
89.5%
Islam
0.9%
Iran Islam
89.4%
Christianity
1%
Saudi Arabia Islam
89.2%
Christianity
1.1%
Qatar Islam
88.8%
Christianity
1.8%
France Christianity
88.3%
Islam
2.1%
St. Lucia Christianity
88.1%
Islam
2.4%
El Salvador Christianity
87.7%
Islam
2.7%
Turkey Islam
86.2%
Christianity
4.1%
Marshall Islands Christianity
84.3%
Islam
6.1%
Tunisia Islam
83.5%
Christianity
6.9%
Sudan Islam
83.1%
Christianity
7.2%
Morocco Islam
82.7%
Christianity
7.6%
Indonesia Islam
79.9%
Christianity
10.5%
Guyana Christianity
78.8%
Islam
11.6%
Kyrgyzstan Islam
77.9%
Christianity
12.4%
São Tomé and Príncipe Christianity
77.5%
Islam
13%
Palau Christianity
73.9%
Islam
16.7%
Macedonia Christianity
68.5%
Islam
22%
Democratic Republic of the Congo Christianity
65%
Islam
25.5%
Kosovo Islam
55.5%
Christianity
35%
Albania Islam
52.9%
Christianity
37.7%
Timor-Leste Christianity
52%
Islam
38.4%
Israel Islam
47.2%
Christianity
43.4%
Thailand Islam
41.6%
Christianity
48.9%

You're not logged in!

Compare scores with friends on all Sporcle quizzes.
Sign Up with Email
OR
Log In

You Might Also Like...

Show Comments

Extras

Top Quizzes Today


Score Distribution

Your Account Isn't Verified!

In order to create a playlist on Sporcle, you need to verify the email address you used during registration. Go to your Sporcle Settings to finish the process.